000 00431 a2200169 4500
001 71504
020 _a8506032067
040 _cAnchieta - Colégio São Paulo
100 _aMendes, Miguel
240 1 0 _aO livro das mágicas do Menino Maluquinho
_lpor
245 1 0 _aO livro das mágicas do Menino Maluquinho
300 _a97
362 0 _a2000
440 1 _aMelhoramentos
650 4 _aLiteratura infanto-juvenil
942 _cBK
999 _c71504
_d71504